AGU 1998 Fall Meeting / (Record no. 615904)
[ view plain ]
| 000 -LEADER | |
|---|---|
| fixed length control field | 00455nam a22001577a 4500 |
| 003 - CONTROL NUMBER IDENTIFIER | |
| control field | NUST |
| 005 - DATE AND TIME OF LATEST TRANSACTION | |
| control field | 20260123144856.0 |
| 008 - FIXED-LENGTH DATA ELEMENTS--GENERAL INFORMATION | |
| fixed length control field | 260123b ||||| |||| 00| 0 eng d |
| 082 ## - DEWEY DECIMAL CLASSIFICATION NUMBER | |
| Classification number | 551.31 |
| 100 ## - MAIN ENTRY--PERSONAL NAME | |
| Personal name | Spilhaus Jr, A. F. |
| 9 (RLIN) | 132886 |
| 245 ## - TITLE STATEMENT | |
| Title | AGU 1998 Fall Meeting / |
| Remainder of title | American Geophysical Union / |
| Statement of responsibility, etc. | Spilhaus Jr, A. F. |
| 260 ## - PUBLICATION, DISTRIBUTION, ETC. | |
| Place of publication, distribution, etc. | Florida: |
| Name of publisher, distributor, etc. | American Geophysical Union, |
| Date of publication, distribution, etc. | 1998. |
| 300 ## - PHYSICAL DESCRIPTION | |
| Extent | 1085 p ; |
| Dimensions | 28 cm |
| 563 ## - BINDING INFORMATION | |
| Binding note | Paperback |
| 942 ## - ADDED ENTRY ELEMENTS (KOHA) | |
| Source of classification or shelving scheme | |
| Koha item type | Book |
| Withdrawn status | Lost status | Source of classification or shelving scheme | Damaged status | Not for loan | Permanent Location | Current Location | Date acquired | Total Checkouts | Full call number | Barcode | Date last seen | Price effective from | Koha item type |
|---|---|---|---|---|---|---|---|---|---|---|---|---|---|
| Institute of Geographical Information Systems (IGIS) | Institute of Geographical Information Systems (IGIS) | 01/23/2026 | 551.31 | IGIS-1224 | 01/23/2026 | 01/23/2026 | Book |
